La cueva del Lagrimal (Record no. 12038)

MARC details
000 -LEADER
campo de control de longitud fija 00848nam a22002295i 4500
001 - NÚMERO DE CONTROL
campo de control 12038
003 - IDENTIFICADOR DE NÚMERO DE CONTROL
campo de control ES-MaACL
005 - FECHA Y HORA DE LA ÚLTIMA TRANSACCIÓN
campo de control 20230906150227.0
007 - CAMPO FIJO DE DESCRIPCIÓN FÍSICA--INFORMACIÓN GENERAL
campo de control de longitud fija t|
008 - DATOS DE LONGITUD FIJA--INFORMACIÓN GENERAL
campo de control de longitud fija 920422s1991 sp ||||0| spa j
020 ## - NÚMERO INTERNACIONAL ESTÁNDAR DEL LIBRO
Número Internacional Estándar del Libro 84-86314-69-0
040 ## - FUENTE DE CATALOGACIÓN
Centro catalogador/agencia de origen M-BN
Lengua de catalogación spa
Centro/agencia transcriptor M-BN
080 ## - NÚMERO DE LA CLASIFICACIÓN DECIMAL UNIVERSAL
Número de la Clasificación Decimal Universal 903(460.315)
100 1# - ENTRADA PRINCIPAL--NOMBRE DE PERSONA
Nombre de persona Soler García, José María.
9 (RLIN) 107176
245 13 - MENCIÓN DEL TÍTULO
Título La cueva del Lagrimal
Resto del título : Villena (Alicante)-Yecla (Murcia) /
Mención de responsabilidad, etc. José María Soler García ; con un estudio zooarqueológico por Manuel Pérez Ripoll.
260 ## - PUBLICACIÓN, DISTRIBUCIÓN, ETC.
Lugar de publicación, distribución, etc. Alicante :
Nombre del editor, distribuidor, etc. Fondo Editorial de la Caja de Ahorros Provincial,
Fecha de publicación, distribución, etc. 1991.
300 ## - DESCRIPCIÓN FÍSICA
Extensión 159 p :
Otras características físicas il ;
Dimensiones 24x22 cm.
504 ## - NOTA DE BIBLIOGRAFÍA, ETC.
Nota de bibliografía, etc. Bibliografía.
651 #4 - PUNTO DE ACCESO ADICIONAL DE MATERIA--NOMBRE GEOGRÁFICO
Nombre geográfico Cueva del Lagrimal (Alicante)-
Subdivisión general Restos arqueológicos prehistóricos.
9 (RLIN) 8129
700 1# - ENTRADA AGREGADA--NOMBRE PERSONAL
Nombre de persona Pérez Ripoll, Manuel.
9 (RLIN) 91111
852 ## - LOCALIZACIÓN
Ubicación ES-MaACL
Número de control de estantería L-19353
Sublocalización o colección R.120406
Holdings
Estatus retirado Estado de pérdida Estado de daño No para préstamo Biblioteca de origen Biblioteca actual Ubicación en estantería Fecha de adquisición Fuente de adquisición Total de préstamos Signatura topográfica completa Código de barras Visto por última vez Precio de reemplazo Tipo de ítem Koha
        Biblioteca del Ateneo de Madrid Biblioteca del Ateneo de Madrid Depósito 2 17/01/2008     L-19353 1012266 23/02/2023 23/02/2023 Libro impreso